Online
Catalog

La orientación escolar en la enseñanza moderna / (Record no. 24182)

MARC details
000 -CABECERA
campo de control de longitud fija 00895nam a2200229 a 4500
001 - NÚMERO DE CONTROL
campo de control 000024689
005 - FECHA Y HORA DE LA ÚLTIMA TRANSACCIÓN
campo de control 20200930023318.0
008 - DATOS DE LONGITUD FIJA--INFORMACIÓN GENERAL
campo de control de longitud fija 110202s1969 ag r 000 0 spa d
040 ## - FUENTE DE LA CATALOGACIÓN
Centro catalogador/agencia de origen DO-SdBNP
Lengua de catalogación spa
Centro/agencia transcriptor BNPHU
041 17 - CÓDIGO DE LENGUA
Código de lengua del texto/banda sonora o título independiente spa
Código de lengua original eng
Fuente del código Código de idiomas MARC
082 ## - NÚMERO DE LA CLASIFICACIÓN DECIMAL DEWEY
Número de clasificación nn*
Número de documento/Ítem nn*
049 ## - FONDOS LOCALES (OCLC)
Fondos de biblioteca BNGR
100 1# - ENTRADA PRINCIPAL--NOMBRE DE PERSONA
Nombre de persona Kowitz, Gerald T.
9 (RLIN) 50622
240 10 - TÍTULO UNIFORME
Título uniforme Operating guidance services for the modern school.
Lenguaje de la obra Español
245 13 - MENCIÓN DE TÍTULO
Título La orientación escolar en la enseñanza moderna /
Mención de responsabilidad, etc. Gerard T. Kowitz y Norma Giess Kowitz ; traducción de Jorge Colapinto.
260 ## - PUBLICACIÓN, DISTRIBUCIÓN, ETC.
Lugar de publicación, distribución, etc. Buenos Aires :
Nombre del editor, distribuidor, etc. Troquel,
Fecha de publicación, distribución, etc. 1969.
300 ## - DESCRIPCIÓN FÍSICA
Extensión 319 p. ;
Dimensiones 22 cm.
534 ## - NOTA SOBRE LA VERSIÓN ORIGINAL
Encabezamiento principal del original Título del original inglés :
Mención de título del original Operating guidance services for the modern school
500 ## - NOTA GENERAL
Nota general Incluye referencias bibliográficas al pie de las páginas.
700 1# - PUNTO DE ACCESO ADICIONAL--NOMBRE DE PERSONA
Nombre de persona Giess Kowitz, Norma.
9 (RLIN) 50623
700 1# - PUNTO DE ACCESO ADICIONAL--NOMBRE DE PERSONA
Nombre de persona Colapinto, Jorge,
Término indicativo de función/relación tr.
9 (RLIN) 50624
Holdings
Estado de retiro Estado de pérdida Restricciones de uso No para préstamo Código de colección Localización permanente Ubicación/localización actual Ubicación en estantería Fecha de adquisición Número de inventario Total de préstamos Signatura topográfica completa Código de barras Fecha visto por última vez Precio válido a partir de Tipo de ítem Koha
        Monografías: Libros y Folletos General General En catalogación 02.02.2011 LF1   nn* nn* 24689-10 25.06.2020 25.06.2020 Préstamo en sala

Powered by Koha